[Event "Prague Open 2025 - A IM Open"]
[Site "Olympik hotel, Prague"]
[Date "2025.01.16"]
[Round "8"]
[Board "5"]
[White "Senthil, Maran K"]
[Black "Mueer, Sebastian"]
[Result "1-0"]
[WhiteElo "2398"]
[BlackElo "2192"]
[PlyCount "0"]
[EventDate "2025.01.10"]
[EventRounds "9"]
[EventCountry "CZE"]

1. d4 Nf6 2. g3 e6 3. Bg2 c5 4. Nf3 cxd4 5. O-O d5 6. Nxd4 e5 7. Nb3 Be6 8. c4 Nc6
9. cxd5 Nxd5 10. Nc3 Nxc3 11. bxc3 Bd6 12. Be3 Qe7 13. Na5 Nxa5 14. Qa4+ Nc6 15.
Bxc6+ Bd7 16. Bxd7+ Qxd7 17. Qe4 O-O 18. Rfd1 Qc7 19. Rd3 b6 20. Rad1 Rad8 21. c4
Be7 22. Rd5 h6 23. Qd3 Rxd5 24. cxd5 Rd8 25. Kg2 Qd7 26. Qe4 Bd6 27. Rc1 f5 28. Qc4
f4 29. Bd2 Bc5 30. gxf4 Qxd5+ 31. Qxd5+ Rxd5 32. Rc2 e4 33. e3 Kf7 34. f3 exf3+ 35.
Kxf3 g5 36. Ke4 Ke6 37. Bc3 gxf4 38. exf4 Rh5 39. Be5 Rh3 40. f5+ Ke7 41. Bg3 Kf6
42. Rg2 Kf7 43. Rd2 Ke7 44. Kf4 Rh5 45. Re2+ Kf7 46. h4 Bd6+ 47. Kg4 Bxg3 48. Kxh5
Kf6 49. Kg4 Be5 50. h5  1-0

[Event "Prague Open 2025 - A IM Open"]
[Site "Olympik hotel, Prague"]
[Date "2025.01.16"]
[Round "8"]
[Board "6"]
[White "Mannion, Stephen R"]
[Black "Horak, Martin"]
[Result "1/2-1/2"]
[WhiteElo "2159"]
[BlackElo "2357"]
[PlyCount "0"]
[EventDate "2025.01.10"]
[EventRounds "9"]
[EventCountry "CZE"]

1. e4 c5 2. Nf3 Nc6 3. d4 cxd4 4. Nxd4 g6 5. c4 Nf6 6. Nc3 Nxd4 7. Qxd4 d6 8. Be3
Bg7 9. f3 O-O 10. Qd2 Qa5 11. Rc1 Be6 12. b3 Rfc8 13. Bd3 a6 14. Nd5 Qxd2+ 15. Kxd2
Bxd5 16. cxd5 e6 17. dxe6 fxe6 18. Rxc8+ Rxc8 19. Rc1 Rxc1 20. Kxc1 Kf7 21. Kd2 Nd7
22. a4 Nc5 23. Bxc5  1/2-1/2

[Event "Prague Open 2025 - A IM Open"]
[Site "Olympik hotel, Prague"]
[Date "2025.01.16"]
[Round "8"]
[Board "7"]
[White "Lalic, Bogdan"]
[Black "Bezeyko, Olexander"]
[Result "1-0"]
[WhiteElo "2321"]
[BlackElo "2050"]
[PlyCount "0"]
[EventDate "2025.01.10"]
[EventRounds "9"]
[EventCountry "CZE"]

1. d4 d5 2. c4 e6 3. Nf3 Nf6 4. Nc3 Be7 5. Bf4 O-O 6. a3 Nbd7 7. Nb5 Ne8 8. e3 a6
9. Nc3 Nef6 10. c5 c6 11. b4 b6 12. Bd3 a5 13. O-O Ba6 14. Bxa6 Rxa6 15. b5 cxb5
16. c6 Qc8 17. c7 b4 18. Nb5 Ne8 19. axb4 Bxb4 20. Qc2 Ra8 21. Rfc1 Ndf6 22. Qc6
Ra6 23. Ne5 h6 24. h3 Kh8 25. g4 g5 26. Bh2 Kg7 27. Nd3 Be7 28. Nb2 Nd7 29. e4 dxe4
30. Nc4 Ndf6 31. Nxb6 Nxc7 32. Nxc7 Rxb6 33. Qxb6 e3 34. fxe3 h5 35. Rxa5 hxg4 36.
Rxg5+ Kh7 37. Qb1+ Kh8 38. Be5 gxh3 39. Rh5+ Kg8 40. Bxf6  1-0

[Event "Prague Open 2025 - A IM Open"]
[Site "Olympik hotel, Prague"]
[Date "2025.01.16"]
[Round "8"]
[Board "8"]
[White "Fizer, Marek"]
[Black "Colijn, Stefan"]
[Result "1-0"]
[WhiteElo "2155"]
[BlackElo "2315"]
[PlyCount "0"]
[EventDate "2025.01.10"]
[EventRounds "9"]
[EventCountry "CZE"]

1. e4 e6 2. d4 d5 3. Nc3 Bb4 4. e5 c5 5. a3 Ba5 6. b4 cxd4 7. Qg4 Ne7 8. bxa5 dxc3
9. Qxg7 Rg8 10. Qxh7 Qc7 11. Nf3 Nbc6 12. Bf4 Bd7 13. a6 b6 14. Bd3 O-O-O 15. Bg3
Rdf8 16. Qh4 Rh8 17. Qf6 Rh5 18. Ng5 Kb8 19. f4 Nf5 20. Bxf5 exf5 21. Rd1 d4 22.
O-O Bc8 23. Rfe1 Rhh8 24. Bf2 Rhg8 25. Qd6 Qxd6 26. exd6 Bxa6 27. Bxd4 Bb7 28. Bf6
b5 29. Nh7 Rd8 30. Bxd8 Nxd8 31. g3 Ne6 32. Nf6 Rd8 33. Re5 Bc6 34. Rxf5 a5 35. Kf2
b4 36. Rxa5 b3 37. cxb3 c2 38. Rc1 Nd4 39. d7 Nxb3 40. Rxc2 Nxa5 41. Rc5 Kc7 42.
Rxa5 Rb8 43. Re5 Kd6 44. Re2  1-0

[Event "Prague Open 2025 - A IM Open"]
[Site "Olympik hotel, Prague"]
[Date "2025.01.16"]
[Round "8"]
[Board "9"]
[White "Tyomkyn, Mikhail"]
[Black "Radzimski, Antoni"]
[Result "0-1"]
[WhiteElo "2143"]
[BlackElo "2289"]
[PlyCount "0"]
[EventDate "2025.01.10"]
[EventRounds "9"]
[EventCountry "CZE"]

1. d4 Nf6 2. g3 g6 3. Bg2 Bg7 4. e4 d6 5. Nc3 O-O 6. Nge2 e5 7. h3 Re8 8. O-O c6
9. a4 Nbd7 10. Re1 Qc7 11. Be3 exd4 12. Nxd4 Nc5 13. Bf4 Nh5 14. Be3 Bd7 15. g4 Nf6
16. Bf4 Rad8 17. Qd2 Bc8 18. Bg3 a5 19. Rad1 Qb6 20. b3 h5 21. g5 Nh7 22. f4 Nf8
23. Kh2 Nfe6 24. Nce2 d5 25. Nxe6 Bxe6 26. Bf2 dxe4 27. Qe3 Bf8 28. Nd4 Qc7 29. Nxe6
Nxe6 30. Bg3 h4 31. Bxh4 Bd6 32. Bg3 Bxf4 33. Bxf4 Nxf4 34. Qg3 Rxd1 35. Rxd1 e3
36. Bf3 Qe5 37. Re1 Qc3 38. Be2 Qd2 39. Qxf4 Qxe1 40. Bc4 Qf2+ 41. Qxf2 exf2 42.
Kg2 Re5 43. h4 Re4 44. Kxf2 Rxh4 45. Kg3 Rxc4 46. bxc4 f6 47. Kf4 Kf7 48. c3 Ke6
49. gxf6 Kxf6 50. Ke4 g5 51. Kd4 g4 52. Kc5 Ke5 53. Kb6 g3 54. c5 Kd5 55. Kxa5 Kxc5
56. c4 Kxc4 57. Kb6 g2 58. a5 Kb4 59. Kxb7 Kxa5  0-1

[Event "Prague Open 2025 - A IM Open"]
[Site "Olympik hotel, Prague"]
[Date "2025.01.16"]
[Round "8"]
[Board "10"]
[White "Sokhor, Nazar"]
[Black "Diachek, Andrii"]
[Result "0-1"]
[WhiteElo "2265"]
[BlackElo "2104"]
[PlyCount "0"]
[EventDate "2025.01.10"]
[EventRounds "9"]
[EventCountry "CZE"]

1. d4 Nf6 2. Bf4 e6 3. c4 d5 4. Nf3 Be7 5. e3 O-O 6. Nc3 b6 7. cxd5 Nxd5 8. Nxd5
Qxd5 9. Bxc7 Bb4+ 10. Nd2 Nc6 11. a3 Bxd2+ 12. Qxd2 Na5 13. Rd1 Bd7 14. b4 Rfc8 15.
Bg3 Ba4 16. Bd3 Nc4 17. Qe2 Bxd1 18. Kxd1 e5 19. Qf3 Nb2+ 20. Ke2 Qa2  0-1

[Event "Prague Open 2025 - A IM Open"]
[Site "Olympik hotel, Prague"]
[Date "2025.01.16"]
[Round "8"]
[Board "11"]
[White "Chan, Kim Yew"]
[Black "Shapovalovi, Vasiko"]
[Result "1-0"]
[WhiteElo "2258"]
[BlackElo "2078"]
[PlyCount "0"]
[EventDate "2025.01.10"]
[EventRounds "9"]
[EventCountry "CZE"]

1. Nf3 c5 2. c4 Nc6 3. Nc3 Nf6 4. d4 cxd4 5. Nxd4 a6 6. g3 Qc7 7. Bg2 e6 8. O-O Be7
9. b3 O-O 10. Bb2 b6 11. Rc1 Bc5 12. Nxc6 dxc6 13. Na4 Nd7 14. Nxc5 Nxc5 15. Qd4
f6 16. Rfd1 Bb7 17. Ba3 Rfd8 18. Qe3 Qe7 19. b4 Na4 20. b5 c5 21. Bxb7 Qxb7 22. Qxe6+
Qf7 23. Qxf7+ Kxf7 24. Rxd8 Rxd8 25. bxa6 Ra8 26. Rb1 Rxa6 27. Rb3 Ra7 28. Kf1 Rd7
29. Rd3 Rxd3 30. exd3 Nc3 31. Ke1 Ke6 32. f4 Kf5 33. h3 Nxa2 34. Ke2 h5 35. Kf3 g6
36. g4+ hxg4+ 37. hxg4+ Ke6 38. d4 cxd4 39. Ke4 Nc3+ 40. Kxd4 Nd1 41. Bc1 f5 42.
g5 Nf2 43. Ba3 Ne4 44. Bf8 Ng3 45. Bg7 Ne4 46. Be5 Nc5 47. Bc7 Na4 48. Bb8 Nc5 49.
Be5 Na4 50. Bg7 Kf7 51. Bf6 Ke6 52. Be5 Nc5 53. Bb8 Na4 54. Ba7 Kd6 55. Bxb6 Nxb6
56. c5+ Kc6 57. cxb6 Kxb6 58. Ke5  1-0

[Event "Prague Open 2025 - A IM Open"]
[Site "Olympik hotel, Prague"]
[Date "2025.01.16"]
[Round "8"]
[Board "12"]
[White "Filindash, Nikita"]
[Black "Jaskolka, Tomasz"]
[Result "0-1"]
[WhiteElo "2072"]
[BlackElo "2210"]
[PlyCount "0"]
[EventDate "2025.01.10"]
[EventRounds "9"]
[EventCountry "CZE"]

1. d4 g6 2. c4 Bg7 3. Nc3 c5 4. Nf3 cxd4 5. Nxd4 Nc6 6. e3 Nf6 7. Be2 O-O 8. O-O
b6 9. Bf3 Bb7 10. b3 Qc8 11. Bb2 Nxd4 12. Bxb7 Qxb7 13. Qxd4 d6 14. a4 Ne4 15. Qd3
Nxc3 16. Bxc3 Bxc3 17. Qxc3 Rfc8 18. Qd4 a6 19. h4 Rc5 20. Rfc1 Rac8 21. Rc3 Re5
22. f3 Qc6 23. Rac1 f6 24. Kf2 Kf7 25. R1c2 h5 26. Rc1 Ke8 27. R1c2 Qc5 28. Rc1 Qa5
29. Qd3 Kf7 30. R3c2 Rec5 31. g3 Qb4 32. Ke2 Re5 33. Kf2 Qc5 34. Qd4 Qc6 35. Rc3
Rf5 36. e4 Qc5 37. Qxc5 Rfxc5 38. b4 Re5 39. Ke3 f5 40. Kd4 fxe4 41. f4 Re6 42. Re1
Kf6 43. Ree3 Kf5 44. Re2 Rc7 45. Ree3 Rc8 46. Re2 b5 47. cxb5 Rxc3 48. Kxc3 axb5
49. axb5 d5 50. Kd4 Rb6 51. Kc5 Rb8 52. Kxd5 Rxb5+ 53. Kc4 Rb8 54. Ra2 e3 55. Kd3
Rxb4 56. Ra5+ Kg4 57. Kxe3 Rb3+ 58. Ke4 Rxg3 59. Re5 Kxh4 60. Rxe7 Rg1 61. Kd3 Kg4
62. Rf7 h4 63. f5 Rg3+ 64. Ke4 g5  0-1

[Event "Prague Open 2025 - A IM Open"]
[Site "Olympik hotel, Prague"]
[Date "2025.01.16"]
[Round "8"]
[Board "13"]
[White "Topencik, Bruno"]
[Black "Felix, Raphael"]
[Result "1-0"]
[WhiteElo "1985"]
[BlackElo "2127"]
[PlyCount "0"]
[EventDate "2025.01.10"]
[EventRounds "9"]
[EventCountry "CZE"]

1. e4 c5 2. Nf3 d6 3. d4 cxd4 4. Nxd4 Nf6 5. Nc3 a6 6. Qd3 e5 7. Nf5 Bxf5 8. exf5
Nbd7 9. Bg5 h6 10. Bxf6 Nxf6 11. O-O-O Be7 12. Be2 Rc8 13. Bf3 Qb6 14. Nd5 Nxd5 15.
Bxd5 O-O 16. f3 Rc7 17. h4 Rfc8 18. Bb3 Qf2 19. Rd2 Qc5 20. g4 b5 21. Rg2 Qd4 22.
Qxd4 exd4 23. g5 h5 24. Rd1 Kf8 25. Rxd4 Rc5 26. Bd5 Re8 27. Be4 Re5 28. Rgd2 Rc8
29. Kd1 Rcc5 30. f4 Rxf5 31. Bxf5 Rxf5 32. Re2 Rc5 33. Rde4 Rc7 34. f5 Rd7 35. R4e3
d5 36. Kd2 d4 37. Rxe7 Rxe7 38. Rxe7 Kxe7 39. Kd3 g6 40. fxg6 fxg6 41. Kxd4 Ke6 42.
Ke4 Kd6 43. c3 a5 44. Kd4 a4 45. b3 a3 46. c4 bxc4 47. bxc4 Kc6 48. Kc3 Kc5 49. Kb3
Kd4 50. Kb4  1-0

[Event "Prague Open 2025 - A IM Open"]
[Site "Olympik hotel, Prague"]
[Date "2025.01.16"]
[Round "8"]
[Board "14"]
[White "Wilks, Simon"]
[Black "Golis, Wiktor"]
[Result "0-1"]
[WhiteElo "2069"]
[BlackElo "2314"]
[PlyCount "0"]
[EventDate "2025.01.10"]
[EventRounds "9"]
[EventCountry "CZE"]

1. e4 e6 2. d4 d5 3. Nc3 Nf6 4. Bg5 Bb4 5. e5 h6 6. Bd2 Bxc3 7. bxc3 Ne4 8. Qg4 g6
9. Bd3 Nxd2 10. Kxd2 c5 11. h4 Nc6 12. Nf3 Bd7 13. Qf4 Qe7 14. Rab1 O-O-O 15. g4
c4 16. Be2 Rdf8 17. Qf6 Qa3 18. Nh2 a6 19. h5 Na7 20. Qf4 Nb5 21. Qe3 g5 22. Rhf1
f6 23. f4 fxe5 24. fxg5 exd4 25. Rxf8+ Rxf8 26. cxd4 Qa5+ 27. Kc1 Nc3 28. gxh6 Nxa2+
29. Kd1 Nc3+ 30. Kc1 Qa3+  0-1

[Event "Prague Open 2025 - A IM Open"]
[Site "Olympik hotel, Prague"]
[Date "2025.01.16"]
[Round "8"]
[Board "15"]
[White "Polak, Michal"]
[Black "Zhukovskyi, Oleksandr"]
[Result "1-0"]
[WhiteElo "2037"]
[BlackElo "2162"]
[PlyCount "0"]
[EventDate "2025.01.10"]
[EventRounds "9"]
[EventCountry "CZE"]

1. e4 Nf6 2. e5 Nd5 3. d4 d6 4. c4 Nb6 5. f4 g6 6. Nc3 dxe5 7. fxe5 c5 8. d5 Bg7
9. Bf4 O-O 10. Qd2 e6 11. d6 Nc6 12. Nf3 Nd7 13. Qe3 Nd4 14. O-O-O Nxf3 15. gxf3
f6 16. Bh3 f5 17. Nb5 Rb8 18. Nc7 Qh4 19. Bf1 Nb6 20. b3 h6 21. Qd2 Bd7 22. Bg3 Qd8
23. f4 Na8 24. Bg2 Rf7 25. Qa5 Bc6 26. Bxc6 bxc6 27. Qxa7 Nxc7 28. dxc7 Qxc7 29.
Qxc7 Rxc7 30. Rd6 Ra8 31. Kb1 Kf7 32. Rhd1 Raa7 33. Bh4 g5 34. Bg3 Bf8 35. R6d2 Be7
36. a4 gxf4 37. Bxf4 Bg5 38. Bxg5 hxg5 39. Rd6 Ke7 40. Kc2 Ra8 41. Rg1 g4 42. h3
Rg8 43. hxg4 fxg4 44. Rh1 Rg7 45. Rh6 g3 46. Rhxe6+ Kf8 47. Rd8+ Kf7 48. Rf6+ Ke7
49. Rd1 g2 50. Rg1 Rb7 51. Rh6 Rb8 52. Rxc6 Rg3 53. Rxc5 Rbxb3 54. Rxg2 Rbc3+ 55.
Kd2 Rxc4 56. Rxc4 Rxg2+ 57. Kc3 Ke6 58. Re4 Kd5 59. Re1 Kc5 60. e6 Rg3+ 61. Kd2 Rg8
62. e7 Re8 63. Kc3 Kd6 64. a5 Kc5 65. Re5+ Kd6 66. Kd4 Kd7 67. Ke4 Kc7 68. Kf5 Kb7
69. Kf6  1-0

[Event "Prague Open 2025 - A IM Open"]
[Site "Olympik hotel, Prague"]
[Date "2025.01.16"]
[Round "8"]
[Board "16"]
[White "Moser, Axel"]
[Black "Mensing, Adrian"]
[Result "0-1"]
[WhiteElo "2160"]
[BlackElo "2028"]
[PlyCount "0"]
[EventDate "2025.01.10"]
[EventRounds "9"]
[EventCountry "CZE"]

1. d4 Nf6 2. c4 g6 3. g3 Bg7 4. Bg2 O-O 5. Nf3 d6 6. Nc3 c5 7. O-O Nc6 8. d5 Na5
9. Nd2 e6 10. Qc2 exd5 11. cxd5 a6 12. Rb1 Qc7 13. b3 Bf5 14. e4 Bd7 15. Bb2 b5 16.
Nd1 Rac8 17. Ne3 Rfe8 18. h3 Qd8 19. Bc3 Bh6 20. Rfe1 Nb7 21. Kh2 a5 22. f4 Nh5 23.
Ba1 Nxf4 24. gxf4 Bxf4+ 25. Kh1 Qg5 26. Nf3 Qh6 27. Qb2 Re5 28. Nxe5 dxe5 29. Qf2
Bxh3 30. Bxh3 Qxh3+ 31. Kg1 Nd6 32. Nf1 g5 33. Qg2 Qh4 34. Ne3 h5 35. Nf5 Nxf5 36.
exf5 f6 37. d6 Rd8 38. Red1 Be3+ 39. Kf1 g4 40. Bc3 Qg5 41. Qe4 h4 42. Bxa5 Rd7 43.
Ke2 Bd4 44. Bd2 Qh5 45. Qd5+ Kg7 46. Qe6 g3+ 47. Kd3 Rxd6 48. Qe7+ Kg8 49. Rf1 c4+
50. bxc4 Bc5+  0-1

[Event "Prague Open 2025 - A IM Open"]
[Site "Olympik hotel, Prague"]
[Date "2025.01.16"]
[Round "8"]
[Board "17"]
[White "Skodras, Marios Konstantinos"]
[Black "Sindler, Michal"]
[Result "0-1"]
[WhiteElo "2013"]
[BlackElo "2136"]
[PlyCount "0"]
[EventDate "2025.01.10"]
[EventRounds "9"]
[EventCountry "CZE"]

1. e4 c5 2. Nf3 d6 3. c3 Nf6 4. h3 Nbd7 5. Bd3 b6 6. O-O Bb7 7. Re1 Qc7 8. Bc2 c4
9. b4 e6 10. d4 cxd3 11. Qxd3 Be7 12. Bf4 Rd8 13. Na3 a6 14. Rad1 e5 15. Bh2 Rc8
16. c4 O-O 17. Re2 Bc6 18. Nb1 b5 19. Bb3 bxc4 20. Qxc4 Qb7 21. Qd3 Bb5 22. Qe3 Bxe2
23. Qxe2 Qxe4 24. Qxa6 Qxb4 25. Ng5 Rc7 26. Qe2 Nc5 27. Bc2 h6 28. Nf3 Na4 29. a3
Nc3 30. Qd2 Qc5 31. Rc1 Nce4 32. Qe1 g6 33. a4 Ra8 34. Nh4 Kg7 35. g4 Rxa4 36. Ng2
Ng5 37. Kh1 Nxh3 38. Ne3 Nxg4 39. Bg3 Nxe3 40. fxe3 Rc4 41. Kg2 Ng5 42. Nd2 Rxc2
43. Rxc2 Qxc2 44. Bf2 Qf5 45. Qd1 Rc2 46. e4 Qh3+ 47. Kg1 Rxd2 48. Qxd2 Nf3#  0-1

[Event "Prague Open 2025 - A IM Open"]
[Site "Olympik hotel, Prague"]
[Date "2025.01.16"]
[Round "8"]
[Board "18"]
[White "Arndt, Stefan"]
[Black "Musil, Vitezslav"]
[Result "1-0"]
[WhiteElo "2132"]
[BlackElo "1937"]
[PlyCount "0"]
[EventDate "2025.01.10"]
[EventRounds "9"]
[EventCountry "CZE"]

1. d4 Nf6 2. Nf3 g6 3. c4 Bg7 4. e3 d6 5. Be2 c6 6. O-O O-O 7. Nc3 a6 8. a4 a5 9.
b3 Na6 10. Ba3 c5 11. Qd2 Bf5 12. Bd3 Bxd3 13. Qxd3 Nb4 14. Qe2 Nd7 15. Rad1 b6 16.
Nb5 h6 17. d5 f5 18. e4 Kh7 19. exf5 Rxf5 20. Rfe1 Ne5 21. Nh4 Rh5 22. g3 Qf8 23.
f4 Rxh4 24. fxe5 Rh5 25. exd6 exd6 26. Rf1 Re8 27. Qxh5 gxh5 28. Rxf8 Bxf8 29. Bxb4
axb4 30. Kf2 Re5 31. Re1 Rxe1 32. Kxe1 Kg6 33. Na7 Kf7 34. Ke2 Ke8 35. Kf3 Kd7 36.
Ke4 Be7 37. Nc6 Bg5 38. h3 Bd2 39. Kf5 Be1 40. Kg6 Bxg3 41. Kxh6 h4 42. Kg5 Be1 43.
Kf6 Bc3+ 44. Kf7 Bd2 45. Ne7  1-0

[Event "Prague Open 2025 - A IM Open"]
[Site "Olympik hotel, Prague"]
[Date "2025.01.16"]
[Round "8"]
[Board "19"]
[White "O`cuilleanain, Oisin"]
[Black "Rindhiya, V"]
[Result "0-1"]
[WhiteElo "2106"]
[BlackElo "1999"]
[PlyCount "0"]
[EventDate "2025.01.10"]
[EventRounds "9"]
[EventCountry "CZE"]

1. e4 e5 2. Nf3 Nc6 3. Bc4 Bc5 4. c3 Nf6 5. d3 d6 6. O-O a6 7. Nbd2 O-O 8. h3 h6
9. Re1 Ba7 10. Nf1 Na5 11. Bb3 Nxb3 12. axb3 Re8 13. Ng3 d5 14. Qe2 Be6 15. c4 dxe4
16. dxe4 Nd7 17. b4 c5 18. bxc5 Bxc5 19. Bd2 Qb6 20. Nh4 Qxb2 21. Rab1 Qa2 22. Nhf5
Nf6 23. Nxg7 Bxc4 24. Qf3 Qxd2 25. Nxe8 Nxe8 26. Nh5 b5 27. h4 Qd6 28. Red1 Qg6 29.
Rd7 Be6 30. Rd3 Bg4 31. Qg3 Qxh5 32. Rd5 Bd4 33. Rd1 Qg6 34. R1xd4 exd4 35. Rxd4
Be6 36. Qe5 Qf6 37. Qc5 Rc8  0-1

[Event "Prague Open 2025 - A IM Open"]
[Site "Olympik hotel, Prague"]
[Date "2025.01.16"]
[Round "8"]
[Board "20"]
[White "Mouryc, Tomas"]
[Black "Salgovic, Simon"]
[Result "0-1"]
[WhiteElo "1932"]
[BlackElo "2102"]
[PlyCount "0"]
[EventDate "2025.01.10"]
[EventRounds "9"]
[EventCountry "CZE"]

1. e4 Nc6 2. d4 d5 3. Nc3 dxe4 4. d5 Ne5 5. Bf4 Ng6 6. Bg3 a6 7. Bc4 Nf6 8. h4 h5
9. Qe2 Bf5 10. O-O-O Qc8 11. f3 c6 12. fxe4 Bg4 13. Nf3 b5 14. e5 bxc4 15. exf6 gxf6
16. Qxc4 Bh6+ 17. Kb1 cxd5 18. Qxc8+ Rxc8 19. Rxd5 O-O 20. Ra5 Rc6 21. Nd4 Rc4 22.
Nf5 Bd2 23. Be1 Bf4 24. Rf1 e6 25. Ng3 Rb8 26. Nxh5 Bxh5 27. Rxh5 Be5 28. Kc1 Nf4
29. Rxe5 fxe5 30. g3 Nd5 31. Rf3 e4 32. Rf2 Rd8 33. Re2 Rd4 34. Nxe4 Rd1+  0-1

[Event "Prague Open 2025 - A IM Open"]
[Site "Olympik hotel, Prague"]
[Date "2025.01.16"]
[Round "8"]
[Board "21"]
[White "Taborsky, Rostislav"]
[Black "Kisiel, Wiktor"]
[Result "1-0"]
[WhiteElo "2069"]
[BlackElo "1871"]
[PlyCount "0"]
[EventDate "2025.01.10"]
[EventRounds "9"]
[EventCountry "CZE"]

1. d4 e6 2. c4 Nf6 3. Nf3 b6 4. a3 Bb7 5. Bf4 c5 6. Nc3 cxd4 7. Nxd4 d6 8. Qa4+ Nfd7
9. Ncb5 e5 10. Nf5 Bc6 11. Bg3 Nc5 12. Qd1 Bxb5 13. cxb5 g6 14. Bh4 Qd7 15. Qd5 Nb7
16. Bf6 Rg8 17. Ne3 a6 18. g3 Ra7 19. Bg2 Qxb5 20. Qxb5+ axb5 21. Rc1 Nc5 22. O-O
Be7 23. Nd5 Bd8 24. b4 Ne6 25. Rc8 Kd7 26. Rxb8  1-0

[Event "Prague Open 2025 - A IM Open"]
[Site "Olympik hotel, Prague"]
[Date "2025.01.17"]
[Round "9"]
[Board "1"]
[White "Jain, Kashish Manoj"]
[Black "Vardanyan, Aras"]
[Result "1-0"]
[WhiteElo "2363"]
[BlackElo "2312"]
[PlyCount "0"]
[EventDate "2025.01.10"]
[EventRounds "9"]
[EventCountry "CZE"]

1. e4 c5 2. Nf3 d6 3. d4 cxd4 4. Qxd4 Nc6 5. Bb5 a6 6. Bxc6+ bxc6 7. O-O e5 8. Qa4
Qc7 9. c4 Nf6 10. Nc3 Be7 11. c5 dxc5 12. Nxe5 Bb7 13. Nc4 Rd8 14. e5 Nd7 15. Nd6+
Bxd6 16. exd6 Qxd6 17. Re1+ Kf8 18. Bf4 Qd4 19. Rad1 Qxa4 20. Nxa4 f6 21. Nb6  1-0

[Event "Prague Open 2025 - A IM Open"]
[Site "Olympik hotel, Prague"]
[Date "2025.01.17"]
[Round "9"]
[Board "3"]
[White "Harshavardhan, G B"]
[Black "Lalic, Bogdan"]
[Result "1/2-1/2"]
[WhiteElo "2405"]
[BlackElo "2321"]
[PlyCount "0"]
[EventDate "2025.01.10"]
[EventRounds "9"]
[EventCountry "CZE"]

1. d4 Nf6 2. c4 e6 3. Nc3 Bb4 4. f3 c5 5. a3 Bxc3+ 6. bxc3 Nc6 7. e4 d6 8. Be3 b6
9. Bd3 Na5 10. Ne2 Ba6 11. Ng3 cxd4 12. cxd4 Rc8 13. Rc1 O-O 14. Qe2 Qc7 15. c5 Bxd3
16. Qxd3 dxc5 17. dxc5 Rfd8 18. Qb1 bxc5 19. Rxc5 Qb6 20. Qxb6 axb6 21. Rxc8 Rxc8
22. Bxb6 Nc4 23. Bd4 Ne8 24. a4 Ra8 25. O-O Rxa4 26. Rb1 f6 27. Rb8 Kf7 28. Rb7+
Kg6 29. Re7 Ncd6 30. Bc5 Ra1+ 31. Kf2 Ra2+ 32. Kf1 Ra1+ 33. Ke2 Ra6 34. h4 h5 35.
f4 Rc6 36. Bb4 Rb6 37. Be1 Rb5 38. e5 fxe5 39. Rxe6+ Kf7 40. Rxe5 Rb2+ 41. Kf1 Nf6
42. Nf5 Nxf5 43. Rxf5 Rc2 44. Bf2 g6 45. Ra5 Rc1+ 46. Be1 Rc2 47. f5 gxf5 48. Rxf5
Ke6 49. Rg5 Ng4 50. Ba5 Ra2 51. Bc3 Rc2 52. Bd4 Rd2 53. Bb6 Rd5 54. Rg8 Rb5 55. Ba7
Ra5 56. Bd4 Rd5 57. Re8+ Kf5 58. Bc3 Rc5 59. Bd2 Kg6 60. Re6+ Kf7 61. Re4 Kg6 62.
Ra4 Rf5+ 63. Bf4 Rb5 64. Ke2 Kf5 65. Bc1 Re5+ 66. Kf3 Rb5 67. Rf4+ Ke6 68. Ra4 Kf5
69. Rf4+ Ke6 70. Ra4 Kf5  1/2-1/2

[Event "Prague Open 2025 - A IM Open"]
[Site "Olympik hotel, Prague"]
[Date "2025.01.17"]
[Round "9"]
[Board "4"]
[White "Jaskolka, Tomasz"]
[Black "Senthil, Maran K"]
[Result "0-1"]
[WhiteElo "2210"]
[BlackElo "2398"]
[PlyCount "0"]
[EventDate "2025.01.10"]
[EventRounds "9"]
[EventCountry "CZE"]

1. d4 d5 2. Nc3 Nf6 3. Bf4 a6 4. e3 h6 5. Nf3 e6 6. Bd3 c5 7. O-O Nc6 8. h3 Bd6 9.
dxc5 Bxc5 10. Ne2 O-O 11. c3 Qe7 12. Ned4 Bd7 13. Nxc6 Bxc6 14. Ne5 Rac8 15. Qe2
Bd6 16. Rad1 Ba4 17. Rc1 Rfd8 18. Rfe1 Be8 19. Red1 Qc7 20. Ng4 Bxf4 21. Nxf6+ gxf6
22. exf4 Qxf4 23. g3 Qe5 24. Qg4+ Qg5 25. Qb4 Bc6 26. h4 Qg7 27. Re1 f5 28. Qd4 Qxd4
29. cxd4 Bb5 30. Bxb5 axb5 31. b3 b4 32. Kf1 Kg7 33. Ke2 Ra8 34. Rc2 Rdc8 35. Rec1
Rxa2 36. Rxa2 Rxc1 37. Ra4 Rc2+ 38. Ke1 f4 39. gxf4 Kf6 40. Rxb4 Rc7 41. Ke2 Kf5
42. Kf3 h5 43. Rb5 f6 44. Rb6 Rg7 45. b4 Rg4 46. Ke3 Rxh4 47. Rxb7 Rh3+ 48. f3 Rh1
49. Rh7 Kg6 50. Rh8 Rb1 51. f5+ Kxf5 52. Rxh5+ Kg6 53. Rh4 Rb3+ 54. Kd2 Rxb4 55.
Kc3 Rc4+ 56. Kd3 e5 57. Ke3 Kg5 58. Rg4+ Kf5 59. Rh4 Rxd4 60. Rh5+ Ke6 61. Rh8 Ra4
62. Rh5 Ra3+ 63. Ke2 d4 64. f4 e4 65. Rb5 Ra2+  0-1

[Event "Prague Open 2025 - A IM Open"]
[Site "Olympik hotel, Prague"]
[Date "2025.01.17"]
[Round "9"]
[Board "5"]
[White "Fizer, Marek"]
[Black "Marek, Matyas"]
[Result "0-1"]
[WhiteElo "2155"]
[BlackElo "2314"]
[PlyCount "0"]
[EventDate "2025.01.10"]
[EventRounds "9"]
[EventCountry "CZE"]

1. e4 e5 2. Nf3 Nc6 3. Bb5 a6 4. Ba4 Bc5 5. O-O Nge7 6. c3 Ng6 7. d4 Ba7 8. d5 Nce7
9. c4 O-O 10. Be3 d6 11. Nc3 h6 12. b4 Nf4 13. Bxf4 exf4 14. e5 Bg4 15. Bc2 dxe5
16. Qd3 Bf5 17. Ne4 Ng6 18. c5 b6 19. c6 b5 20. Qb3 Bxe4 21. Bxe4 f5 22. Bc2 e4 23.
Nd2 Kh8 24. Kh1 Qg5 25. Bxe4 fxe4 26. Nxe4 Qh4 27. d6 cxd6 28. Nxd6 f3 29. g3 Qh3
 0-1

[Event "Prague Open 2025 - A IM Open"]
[Site "Olympik hotel, Prague"]
[Date "2025.01.17"]
[Round "9"]
[Board "6"]
[White "Radzimski, Antoni"]
[Black "Topencik, Bruno"]
[Result "1/2-1/2"]
[WhiteElo "2289"]
[BlackElo "1985"]
[PlyCount "0"]
[EventDate "2025.01.10"]
[EventRounds "9"]
[EventCountry "CZE"]

1. d4 Nf6 2. c4 e6 3. Nc3 d5 4. cxd5 Nxd5 5. e4 Nxc3 6. bxc3 c5 7. Rb1 Be7 8. Nf3
O-O 9. Be2 b6 10. O-O Bb7 11. Bd3 cxd4 12. cxd4 Nc6 13. Bb2 Nb4 14. a3 Nxd3 15. Qxd3
Qd6 16. Rbd1 Rfd8 17. Qe3 Bf8 18. Rd2 Qc6 19. Re1 b5 20. Ne5 Qb6 21. Qf4 f6 22. Ng4
b4 23. Qg3 bxa3 24. Nh6+ Kh8 25. Nf7+ Kg8 26. Nh6+ Kh8 27. Nf7+  1/2-1/2

[Event "Prague Open 2025 - A IM Open"]
[Site "Olympik hotel, Prague"]
[Date "2025.01.17"]
[Round "9"]
[Board "7"]
[White "Diachek, Andrii"]
[Black "Chan, Kim Yew"]
[Result "0-1"]
[WhiteElo "2104"]
[BlackElo "2258"]
[PlyCount "0"]
[EventDate "2025.01.10"]
[EventRounds "9"]
[EventCountry "CZE"]

1. e4 c5 2. Nf3 e6 3. d4 cxd4 4. Nxd4 Nc6 5. Nb5 d6 6. c4 Nf6 7. N1c3 a6 8. Na3 Be7
9. Be2 O-O 10. O-O b6 11. Be3 Bb7 12. f3 Ne5 13. Qd4 Ned7 14. Rfd1 Re8 15. Qd2 d5
16. cxd5 exd5 17. exd5 b5 18. Nc2 b4 19. d6 bxc3 20. dxe7 Qxe7 21. bxc3 Nd5 22. Bf1
Nxe3 23. Qxe3 Ne5 24. f4 Nf3+ 25. gxf3 Qxe3+ 26. Nxe3 Rxe3 27. Rd3 Rxd3 28. Bxd3
Bxf3 29. Kf2 Bg4 30. Rb1 g6 31. c4 Be6 32. Rb4 a5 33. Rb5 Rc8 34. c5 Bxa2 35. Rxa5
Bd5 36. Ke3 Kg7 37. Ra6 Bg2 38. Kd4 Rb8 39. Rb6 Rd8+ 40. Rd6 Ra8 41. Bb5 Ra2 42.
c6 Bh3 43. c7 Rxh2 44. Bd7 Bxd7 45. Rxd7 Rc2 46. Ke5 h5 47. Re7 h4 48. f5 gxf5 49.
Kxf5 Rc5+ 50. Kg4 Kf6 51. Re4 Rxc7 52. Rf4+ Ke5 53. Rf5+ Ke4 54. Rf4+ Ke5 55. Rf5+
Ke6 56. Rf4 Rc1 57. Re4+ Kd5 58. Re7 f6 59. Kxh4 Rg1 60. Kh3 f5 61. Kh2 Rg8 62. Re2
Kd4 63. Re7 f4 64. Re6 Kd3 65. Re7 f3 66. Re6 f2 67. Rf6 Ke2 68. Re6+ Kf1 69. Ra6
Rh8+ 70. Kg3 Kg1  0-1